| 000 | 01832cam a2200409 i 4500 | ||
|---|---|---|---|
| 001 | 18642012 | ||
| 003 | NUST | ||
| 005 | 20220301101928.0 | ||
| 008 | 150603t20162016maua b 001 0 eng | ||
| 010 | _a 2015019386 | ||
| 020 | _a9781118773208 (paperback) | ||
| 038 | _awaseem | ||
| 040 |
_aDLC _beng _cDLC _erda _dDLC |
||
| 042 | _apcc | ||
| 050 | 0 | 0 |
_aRC467.8 _b.B37 2016 |
| 082 | 0 | 0 |
_a616.89 _bBAR |
| 084 |
_aPSY007000 _2bisacsh |
||
| 100 | 1 |
_aBarker, Chris, _d1948- _989927 |
|
| 245 | 1 | 0 |
_aResearch methods in clinical psychology : _ban introduction for students and practitioners / _cChris Barker and Nancy Pistrang, University College London and Robert Elliott, University of Strathclyde. |
| 250 | _aThird edition. | ||
| 264 | 1 |
_aU.S.A : _bWiley Blackwell, _c2016. |
|
| 300 |
_axii, 293 pages : _billustrations ; _c25 cm |
||
| 336 |
_atext _2rdacontent |
||
| 337 |
_aunmediated _2rdamedia |
||
| 338 |
_avolume _2rdacarrier |
||
| 504 | _aIncludes bibliographical references and indexes. | ||
| 520 |
_a"Offers a comprehensive introduction to the various methods, approaches, and strategies for conducting research in the clinical psychology field"-- _cProvided by publisher. |
||
| 563 | _aPBK. | ||
| 650 | 7 |
_aPSYCHOLOGY / Clinical Psychology. _2bisacsh _989928 |
|
| 700 | 1 |
_aPistrang, Nancy. _989929 |
|
| 700 | 1 |
_aElliott, Robert, _d1950- _989930 |
|
| 776 | 0 | 8 |
_iOnline version: _aBarker, Chris, 1948- _tResearch methods in clinical psychology _bThird edition. _dMalden, MA : John Wiley and Sons, Inc., 2016 _z9781118773178 _w(DLC) 2015022392 |
| 856 | 4 | 2 |
_3Cover image _uhttp://catalogimages.wiley.com/images/db/jimages/9781118773208.jpg |
| 906 |
_a7 _bcbc _corignew _d1 _eecip _f20 _gy-gencatlg |
||
| 942 |
_2ddc _cBK |
||
| 999 |
_c588414 _d588414 |
||